000 00723cam a2200265 4500
001 J61428
008 000000n2000 000 0 eng u
035 _a(Sirsi) u106564
041 _aeng
050 _a332.6324
110 _aDTZ Research
_93886
245 _aMoney into property 2000
260 _aLondon
_bDTZ Research
_c2000
300 _a41p. ; 30cm.
350 _a0.00
650 _aBANKS
650 _aFOREIGN INVESTMENT
650 _aINSTITUTIONAL INVESTMENT
650 _aDTZ MONEY INTO PROPERTY
650 _aPROPERTY COMPANIES
650 _aPROPERTY FINANCE
650 _aPROPERTY INVESTMENT
690 _aPROPERTY-COMMERCIAL PROPERTY-COMMERCIAL PROPERTY FINANCE AND INVESTMENT
942 _n0
999 _c100577
_d100577